Statistics for Richest People On Earth Sep. 2022 (Top 75)

Click here to take the quiz!

General Stats

  • This quiz has been taken 43 times
  • The average score is 20 of 75

Answer Stats

Answer% Correct
265.6 BElon Musk
100%
150.2 BJeff Bezos
97%
106.5 BBill Gates
90%
96.9 BWarren Buffett
69%
55.2 BMark Zuckerberg
66%
23.1 BJack Ma
62%
159.7 BBernard Arnault
59%
56.5 BAlice Walton
55%
57.1 BCharles Koch
55%
58.6 BJim Walton
55%
57.1 BJulia Koch
55%
76.8 BMichael Bloomberg
55%
57.4 BRob Walton
55%
90.1 BLarry Page
52%
86.4 BSergey Brin
52%
151.5 BGautam Adani
45%
37.8 BJacqueline Mars
45%
37.8 BJohn Mars
45%
104.0 BLarry Ellison
41%
50.3 BMichael Dell
41%
27.1 BMiriam Adelson
41%
81.6 BSteve Ballmer
41%
77.4 BCarlos Slim Helu
38%
26.8 BDieter Schwarz
38%
70.9 BFrancoise Bettencourt Meyers
38%
34.6 BLi Ka-Shing
38%
37.5 BMacKenzie Scott
38%
95.8 BMukesh Ambani
38%
66.8 BZhong Shanshan
38%
35.2 BFrancois Pinault
34%
29.8 BLee Shau Kee
34%
41.5 BPhil Knight
34%
21.5 BAbigail Johnson
31%
55.6 BAmancio Ortego
31%
35.4 BBeate Heister & Karl Albrecht Jr.
31%
52.0 BDavid Thomson
31%
37.9 BRobin Zeng
31%
28.4 BGina Rineheart
28%
21.1 BHarold Hamm
28%
30.0 BJeff Yass
28%
29.2 BStephen Schwarzman
28%
23.0 BShiv Nadar
21%
21.7 BLeonard Lauder
17%
28.1 BJim Simons
14%
33.4 BGiovanni Ferrero
10%
33.3 BMa Huateng
10%
31.1 BAlain Wertheimer
7%
31.1 BGerard Wertheimer
7%
25.2 BGerman Larrea Mota Velasco
7%
21.3 BWang Wei
7%
49.5 BZhang Yiming
7%
31.6 BKen Griffin
3%
29.4 BKlaus-Michael Kuehne
3%
31.1 BLen Blavatnik
3%
24.4 BLeonid Mikhelson
3%
41.4 BRodolphe Saade
3%
30.3 BTadashi Yanai
3%
27.6 BWilliam Lei Ding
3%
26.7 BAndrey Melnichenko
0%
23.9 BColin Zheng Huang
0%
22.1 BCyrus Poonawalla
0%
23.0 BDietrich Mateschitz
0%
20.8 BGennady Timchenko
0%
23.0 BGuillaume Pousaz
0%
24.6 BHe Xiangjian
0%
21.8 BLi Shufu
0%
22.7 BMichael Hartono
0%
23.9 BQin Yinglin
0%
23.6 BR. Budi Hartono
0%
22.5 BSusanne Klatten
0%
21.0 BTakemitsu Tazizaki
0%
22.2 BThomas Peterffy
0%
25.4 BVladimir Lisin
0%
26.4 BVladimir Potanin
0%
21.9 BWang Chuanfu
0%

Score Distribution

Percentile by Number Answered

Percent of People with Each Score

Your Score History

You have not taken this quiz